MARC

LEADER 00000nam0a2200000 4500
001 53864
005 20231101211442.0
035 |a (RuTPU)RU\TPU\book\56461 
090 |a 53864 
100 |a 20030625d1984 km y0rusy50 ca 
101 1 |a rus  |c eng 
102 |a RU 
105 |a a z 001zy 
200 1 |a Введение в теорию и расчет активных фильтров  |e пер. с англ.  |f Л. П. Хьюлсман, Ф. Е. Аллен 
210 |a Москва  |c Радио и связь  |d 1984 
215 |a 382 с.  |c ил. 
320 |a Библиогр.: с. 374-380. 
606 1 |a Фильтры радиоволн  |2 stltpush  |3 (RuTPU)RU\TPU\subj\31638  |9 54444 
610 1 |a активные фильтры 
610 1 |a теория 
610 1 |a расчеты 
610 1 |a аппроксимация 
610 1 |a чувствительность 
610 1 |a пассивные цепи 
610 1 |a моделирование 
675 |a 621.372.54  |v 3 
700 1 |a Хьюлсман  |b Л. П.  |g Лоренс П. 
701 1 |a Аллен  |b Ф. Е.  |g Филип Е. 
801 1 |a RU  |b 63413507  |c 20030625  |g PSBO 
801 2 |a RU  |b 63413507  |c 20201009  |g PSBO 
942 |c BK